000 00730nam a22002177a 4500
005 20140811123354.0
010 _aB-498383-402 ENG-110389
020 _a9788177229196
_c349.00
035 _aB-498383-402
035 _aEN-93921
037 _bUBH/Ven
037 _bDBAD/PUB
082 _a006.7
100 _aGupta , Vikas
245 _aComdex multimedia and web design course kit /
_cby Vikas Gupta
260 _aNew Delhi
_bDreamtech
_c2012
270 _a19-A, Ansari Road,Daryaganj,
_bNew Delhi
_e110002
300 _axvi,484p. :
_bill.
_c24cm(pbk)
_e1CD-ROM
942 _2ddc
_cEN
_mGUP
_h006.7
999 _c74122
_d74122